| 000 | 00387nam a2200145Ia 4500 | ||
|---|---|---|---|
| 008 | 231129s2007||||xx |||||||||||||| ||spa|| | ||
| 020 | _a978-84-96694-38-5 | ||
| 040 | _bspa | ||
| 082 | _a813 H669k | ||
| 100 | _aHirsh Mary Elizabeth | ||
| 245 | 0 | _aKabul | |
| 260 | _c2007 | ||
| 264 | _aBarcelona EspaƱa : Verticales de Bolsillo | ||
| 942 |
_2ddc _cBKS |
||
| 999 |
_c16314 _d16314 |
||